Computational methods for option pricing (Record no. 135771)

MARC details
000 -LEADER
fixed length control field 00745nam a2200217Ia 4500
008 - FIXED-LENGTH DATA ELEMENTS--GENERAL INFORMATION
fixed length control field 191130s2005##################000#0#eng##
020 ## - INTERNATIONAL STANDARD BOOK NUMBER
ISBN 9780898715736
082 ## - DEWEY DECIMAL CLASSIFICATION NUMBER
Classification number 33645301519 ACH
100 ## - MAIN ENTRY--AUTHOR NAME
Personal name Achdou, Yves
245 ## - TITLE STATEMENT
Title Computational methods for option pricing
Statement of responsibility, etc Yves Achdou, Olivier Pironneau
260 ## - PUBLICATION, DISTRIBUTION, ETC. (IMPRINT)
Place of publication Philadelphia, PA
Name of publisher Society for Industrial and Applied Mathematics
Year of publication c2005
300 ## - PHYSICAL DESCRIPTION
Number of Pages xviii, 297 p. : ill. ; 26 cm
500 ## - GENERAL NOTE
General note Includes bibliographical references (p. 287-294) and index
650 ## - SUBJECT ADDED ENTRY--TOPICAL TERM
Topical Term Options (Finance) - Prices - Mathematical models
700 ## - ADDED ENTRY--PERSONAL NAME
Personal name Pironneau, Olivier
991 ## -
-- 171343
Holdings
Withdrawn status Lost status Damaged status Not for loan Home library Current library Shelving location Date acquired Full call number Accession Number Price effective from Koha item type
        Anna Centenary Library Anna Centenary Library 3RD FLOOR, B WING 12.10.2020 33645301519 ACH 194986 12.10.2020 English Books

Find us on the map